| 000 | 00491nam a22001937a 4500 | ||
|---|---|---|---|
| 003 | OSt | ||
| 005 | 20140310181701.0 | ||
| 008 | 121119t xxu||||| |||| 00| 0 eng d | ||
| 020 | _a0749712732 | ||
| 050 |
_aPZ 7 _b.B661 1993 |
||
| 082 |
_aKF _bB62b 1938 |
||
| 100 |
_aBlyton, Enid _94844 |
||
| 245 |
_aBilly-Bob Tales _cby Enid Blyton |
||
| 260 |
_aGreat Britain _bMethuen & Co. Ltd. _c1938 |
||
| 300 |
_g138 p.; _c17.8 cm. |
||
| 541 | _j1 | ||
| 562 | _e1 | ||
| 942 |
_2lcc _cBK-KF _kKF |
||
| 999 |
_c1233 _d1233 |
||